| 000 | 01077pam a2200289 a 4500 | ||
|---|---|---|---|
| 999 |
_c1832 _d1832 |
||
| 001 | 2997327 | ||
| 003 | OSt | ||
| 005 | 20180921125429.0 | ||
| 008 | 930901s1993 ilu b 001 0 eng | ||
| 010 | _a 93029217 | ||
| 020 | _a0830813241 | ||
| 040 |
_aDLC _cDLC _dDLC |
||
| 050 | 0 | 0 |
_aQH367.3 _b.J65 1993 |
| 082 | 0 | 0 |
_a575 _220 _bJ661D |
| 100 | 1 |
_aJohnson, Phillip E., _d1940- |
|
| 245 | 1 | 0 |
_aDarwin on trial / _cPhillip E. Johnson. |
| 250 | _a2nd ed. | ||
| 260 |
_aDowners Grove, Ill. : _bInterVarsity Press, _cc1993. |
||
| 300 |
_a220 p. ; _c21 cm. |
||
| 504 | _aIncludes bibliographical references (p. 171-213) and index. | ||
| 650 | 0 | _aEvolution (Biology) | |
| 856 | 4 | 2 |
_3Contributor biographical information _uhttp://www.loc.gov/catdir/enhancements/fy1007/93029217-b.html |
| 906 |
_a7 _bcbc _corignew _d1 _eocip _f19 _gy-gencatlg |
||
| 942 |
_2ddc _cBK |
||